ბათუმის შოთა რუსთაველის სახელმწიფო უნივერსიტეტის ბიბლიოთეკა

Справочник молодого машиниста башенных кранов. (ბიბ.ჩანაწერი № 37289)

000 -LEADER
fixed length control field 00725nam a2200217Ia 4500
001 - CONTROL NUMBER
control field 3248
003 - CONTROL NUMBER IDENTIFIER
control field GE_BSU
008 - FIXED-LENGTH DATA ELEMENTS--GENERAL INFORMATION
fixed length control field 181216s||||||||xx |||||||||||||| ||und||
040 ## - CATALOGING SOURCE
Transcribing agency GE_BSU
080 ## - UNIVERSAL DECIMAL CLASSIFICATION NUMBER
Universal Decimal Classification number 621.873(035.3)
100 ## - MAIN ENTRY--PERSONAL NAME
Personal name Романюха,В.А. Смирнов,И.М.
245 ## - TITLE STATEMENT
Title Справочник молодого машиниста башенных кранов.
245 ## - TITLE STATEMENT
Statement of responsibility, etc. Ред. З.В.Михальчук.
250 ## - EDITION STATEMENT
Edition statement Изд. 2-е, перераб. и доп.
260 ## - PUBLICATION, DISTRIBUTION, ETC.
Place of publication, distribution, etc. М.
260 ## - PUBLICATION, DISTRIBUTION, ETC.
Name of publisher, distributor, etc. Высшая школа.
260 ## - PUBLICATION, DISTRIBUTION, ETC.
Date of publication, distribution, etc. 1974.
300 ## - PHYSICAL DESCRIPTION
Extent 272 стр. 20 см. с илл.
653 ## - INDEX TERM--UNCONTROLLED
Uncontrolled term Справочник молодого машиниста башенных кранов.
942 ## - ADDED ENTRY ELEMENTS (KOHA)
Koha item type წიგნი
ეგზემპლარები
Withdrawn status Lost status Damaged status Not for loan Date acquired Barcode Date last seen Price effective from Koha item type Public note
        2018-12-17 9832 2018-12-17 2018-12-17 წიგნი დარბაზი